000 00242nam a2200097Ia 4500
008 231212s1974 xx 000 0 und d
041 _aeng
100 _aJones
245 _aInstrument Technology Vol I
260 _aNew Delhi
_bD.B.Tarapur
_c1974
999 _c960734
_d960734